000 00706nam a2200289Ia 4500
005 20260324113020.0
008 008 260324s9999 xx 000 0 eng d
020 _a9781003457442
037 _aEBOOK
040 _aCRL
040 _beng
040 _cCRL
041 _2eng
041 _aeng
084 _qCRL
100 _aVedat Batu
_91145077
245 0 _aFluid Mechanics and Hydraulics
245 0 _bIllustrative Worked Examples of Surface and Subsurface Flows
260 _bTaylor and Francis
260 _c2024
365 _a
365 _b355
856 _uhttp://www.taylorfrancis.com/books/9781003457442
942 _cEBOOK
999 _c1734500
_d1734500